Πύλος η αμμουδερή : ιστορικό και αρχαιολογικό ταξίδι από την εποχή του Νέστορα έως τη ναυμαχία του Ναβαρίνου

Αποθηκεύτηκε σε:
Λεπτομέρειες βιβλιογραφικής εγγραφής
Κύριος συγγραφέας: Davis, Jack L.
Άλλοι συγγραφείς: Alcock, Susan E., Κόμβου, Μάγια (trlf), Μπάλτας, Χαράλαμπος Αθ (Επιμελητής έκδοσης)
Μορφή: Βιβλίο
Γλώσσα:Greek
English
Δημοσίευση: Αθήνα : Παπαδήμας, 2005.
Θέματα:
Ετικέτες: Προσθήκη ετικέτας
Δεν υπάρχουν, Καταχωρήστε ετικέτα πρώτοι!

MARC

LEADER 00000cam a2200000 i 4500
001 1/45817
008 070608s2005 gr | ||| |||| ||gre||
020 |a 9602064803  |z 9602064358 
035 |l 10088217 
040 |a GR-MyUA  |b gre  |e AACR2 
041 1 |a gre  |h eng 
082 7 |a 938.25   |2 (22) 
100 1 |a Davis, Jack L. 
245 1 0 |a Πύλος η αμμουδερή :   |b ιστορικό και αρχαιολογικό ταξίδι από την εποχή του Νέστορα έως τη ναυμαχία του Ναβαρίνου /   |c Jack L. Davis ; με τη συνεργασία των Susan E. Alcock ... [κ. α.] ; μετάφραση Μάγια Κόμβου ; επιμέλεια Χαράλαμπος Μπάλτας.  
260 |a Αθήνα :   |b Παπαδήμας,   |c 2005.  
300 |a 348 σ. :   |b εικ., χάρτες ;   |c 24 εκ.  
500 |a Με πρόλογο του καθηγητή Jack L. Davis για την ελληνική έκδοση και 140 εικόνες, σχεδιαγράμματα, επιγραφές και χάρτες 
500 |a Τίτλος πρωτοτύπου: Sandy Pylos.  
504 |a Περιέχει βιβλιογραφία (σ. [329]-334) και ευρετήριο.  
650 0 |a Excavations (Archaeology)  |z Greece  |z Messenia. 
650 0 |a Navarino, Battle of, Pylos, Greece, 1827. 
651 0 |a Messenia (Greece)  |x Antiquities. 
651 0 |a Messenia (Greece)  |x History. 
700 1 |a Alcock, Susan E. 
700 1 |a Κόμβου, Μάγια,  |e trlf 
700 1 |a Μπάλτας, Χαράλαμπος Αθ.  |e edt 
852 |a INST  |b LESVOS  |e 20070608  |h 938.25 DAV  |p 005100038100  |q 005100038100  |t BK  |y 0 
901 |a BIBL1-2007-2 
922 |a 1ΕΛΗ  |b 200705  |c ΕΠΕΑΕΚ2/ΤΚΑ  |d Σ. ΠΑΤΑΚΗΣ 
970 |a ΚΑΡΑ  |b ΓΙΑΣΕΜΗ  |z 2007/06/08